| 000 | 00531cam a2200169u 4500 | ||
|---|---|---|---|
| 082 |
_a512.63 _bWEA _cD |
||
| 100 | 1 |
_aWeatherburn, C. E. _939307 |
|
| 245 | 0 | 0 |
_aElementary vector analysis, _bWith application to geometry and mechanics |
| 250 | _aRevised | ||
| 260 |
_aLondon, _bG. Bell and sons, ltd., _c1956. |
||
| 300 |
_axxvii, 184 p. _bdiagrs. _c22 cm. |
||
| 526 |
_a0 _b0 _c0 _d515_630000000000000_WEA |
||
| 526 |
_a0 _b0 _c0 _d516_630000000000000_WEA |
||
| 650 | 0 |
_aMCE _9379 |
|
| 650 | 0 |
_aVector analysis. _91184 |
|
| 942 |
_2ddc _cBK |
||
| 999 |
_c543826 _d543826 |
||